The critical reception of American literature in the Netherlands, 1824-1900 : a documentary conspectus from contemporary periodicals /

Bibliographic Details
Other Authors: Riewald, Jacobus Gerhardus, Bakker, J. (Jan), Drs
Format: Book
Language:English
Published: Amsterdam : Rodopi, 1982.
Series:Costerus ; new ser., v. 33.
Subjects:

MARC

Tag First Indicator Second Indicator Subfields
LEADER 00000cam a2200000 a 4500
001 in00000103462
005 20150929180424.0
008 820831s1982 ne af 00110 eng d
020 |a 9062035442 
035 |a (OCoLC)08736118 
035 |9 AAN2684AM 
040 |a IYU  |c IYU  |d TXA  |d UtOrBLW 
041 1 |a eng  |h dut 
049 |a TXAM  |c [1167286] 
090 |a PE1  |b  C66 new ser., v.33 
245 0 4 |a The critical reception of American literature in the Netherlands, 1824-1900 :  |b a documentary conspectus from contemporary periodicals /  |c J.G. Riewald, J. Bakker. 
264 1 |a Amsterdam :  |b Rodopi,  |c 1982. 
300 |a 349 pages, 1 unnumbered leaf of plates :  |b illustrations ;  |c 22 cm. 
336 |a text  |b txt  |2 rdacontent 
337 |a unmediated  |b n  |2 rdamedia 
338 |a volume  |b nc  |2 rdacarrier 
490 1 |a Costerus ;  |v new ser., v. 33 
500 |a Includes index. 
650 0 |a American literature  |y 19th century  |x History and criticism. 
650 0 |a Criticism  |z Netherlands. 
700 1 |a Riewald, Jacobus Gerhardus. 
700 1 |a Bakker, J. (Jan),  |c Drs. 
830 0 |a Costerus ;  |v new ser., v. 33. 
999 |a MARS 
999 f f |s 253ba355-e8e2-317a-aed9-b3ca714703e4  |i 3f17bd20-cdc1-30b0-bf7d-2e81969ab8ef  |t 0 
952 f f |p ric  |a Texas A&M University  |b Rellis Campus  |c Joint Library Facility  |s JLF  |d Remote Storage  |t 0  |e PE1 C66 new ser., v.33  |h Library of Congress classification  |i unmediated -- volume  |m A14806294743 
998 f f |a PE1 C66 new ser., v.33  |t 0  |l Remote Storage